Gender Mainstreaming in Development Planning: (Record no. 34)

MARC details
000 -LEADER
fixed length control field 013030000a22002530004500
003 - CONTROL NUMBER IDENTIFIER
control field LK-CoMWRAF
005 - DATE AND TIME OF LATEST TRANSACTION
control field 20240203103319.0
008 - FIXED-LENGTH DATA ELEMENTS--GENERAL INFORMATION
fixed length control field 230817t1999 ||||| |||| 00| 0 eng d
020 ## - INTERNATIONAL STANDARD BOOK NUMBER
International Standard Book Number 0850925924
040 ## - CATALOGING SOURCE
Original cataloging agency LK-CoMWRAF
Modifying agency LK-CoMWRAF
Description conventions LK-CoMWRAF
041 ## - LANGUAGE CODE
Language code of text/sound track or separate title English
082 ## - DEWEY DECIMAL CLASSIFICATION NUMBER
Classification number 305.3
Item number TAY
942 ## - ADDED ENTRY ELEMENTS (KOHA)
Koha item type Books
100 ## - MAIN ENTRY--PERSONAL NAME
Personal name Taylor, Viviene
245 ## - TITLE STATEMENT
Title Gender Mainstreaming in Development Planning:
Remainder of title A Reference Manual for Governments and Other Stakeholders
260 ## - PUBLICATION, DISTRIBUTION, ETC. (IMPRINT)
Place of publication, distribution, etc. London:
Name of publisher, distributor, etc. Commonwealth Secretariat,
Date of publication, distribution, etc. 1999
300 ## - PHYSICAL DESCRIPTION
Extent 48 p. ; 30 cm
490 ## - SERIES STATEMENT
Series statement Gender Management System
520 ## - SUMMARY, ETC.
Summary, etc. The Gender Management System (GMS) is a holistic and system-wide approach to gender mainstreaming developed by the Commonwealth, for the use of governments in partnership with other stakeholders including civil society and the private sector. The GMS is a comprehensive network of structures, mechanisms and processes to enable governments and other organisations to contribute to gender equality through all policymaking, planning and activities
856 ## - ELECTRONIC LOCATION AND ACCESS
Uniform Resource Identifier <a href="https://www.thecommonwealth-ilibrary.org/index.php/comsec/catalog/view/702/702/5265">https://www.thecommonwealth-ilibrary.org/index.php/comsec/catalog/view/702/702/5265</a>
650 ## - SUBJECT ADDED ENTRY--TOPICAL TERM
Topical term or geographic name as entry element Equality- Commonwealth countries
650 ## - SUBJECT ADDED ENTRY--TOPICAL TERM
Topical term or geographic name as entry element Gender and Development
650 ## - SUBJECT ADDED ENTRY--TOPICAL TERM
Topical term or geographic name as entry element Sex discrimination against women- Commonwealth countries
Holdings
Withdrawn status Lost status Damaged status Not for loan Permanent Location Current Location Date acquired Full call number Barcode Koha item type
        Resource center, Muslim Women's Research And Action Forum Resource center, Muslim Women's Research And Action Forum 2023-08-17 305.3 TAY RAF3946 Books

Copyright © 2023 Muslim Women's Research and Action Forum (MWRAF), No 27/3, Anderson Road, Kalubowila, Dehiwela. Funded by The Asia Fundation